[Event "London Classic"]
[Site "London"]
[Date "2009.12.15"]
[Round "7"]
[White "Short, Nigel D"]
[Black "Carlsen, Magnus"]
[Result "1/2-1/2"]
[WhiteElo "2707"]
[BlackElo "2801"]
[Annotator "Schulz,Andre"]
[PlyCount "141"]
[EventDate "2009.12.08"]
[EventType "tourn"]
[EventRounds "7"]
[EventCountry "ENG"]
[EventCategory "18"]
[SourceTitle "CBM 134"]
[Source "ChessBase"]
[SourceDate "2010.01.18"]
[SourceVersion "1"]
[SourceVersionDate "2010.01.18"]
[SourceQuality "1"]

1. e4 c5 2. Nf3 d6 3. d4 cxd4 4. Nxd4 Nf6 5. Nc3 g6 {Diese Partie wurde in der letzten Runde des Turniers gespielt. Carlsen führte mit einem Punkt Vorsprung, musste aber damit rechnen, dass Kramnik ihn evtl. noch überholen würde, da mit einer 3-Punkte-Regel gespielt wurde (3 Punkt für einen Sieg, 2 Punkt für ein Remis). In dieser Situation griff Carlsen wieder einmal zur Drachenvariante, nachdem er zuvor häufiger die Najdorf-Variante gespielt hatte.} 6. Be3 {Short spielt gegen den Drachen verschiedene Variante mit langer oder kurzer Rochade.} Bg7 7. f3 Nc6 8. Qd2 O-O 9. O-O-O ({In dem anderen großen Bereich nach} 9. Bc4 Bd7 10. O-O-O Rc8 11. Bb3 Ne5 12. Kb1 $5 (12. h4 h5) 12... Re8 13. h4 h5 {entsteht die kritische Variante nach} 14. g4 hxg4 15. h5 Nxh5 16. Bh6 {und nun ist noch kein völlig befriediegender Weg zum Augleich für Schwarz gefunden worden. Aber vielleicht hat Magnus Carlsen ja etwas in petto. Einige wichtige Partien aus dem vergangenen Jahr (2009):} e6 (16... Kh7 17. Bxg7 Kxg7 18. fxg4 Bxg4 19. Nf5+ Bxf5 20. exf5 Rh8 21. fxg6 Nxg6 22. Ne4 Nf6 (22... d5 $11) 23. Rdf1 Rxh1 24. Rxh1 d5 25. Nxf6 Kxf6 26. Qf2+ Kg7 27. Rf1 f6 28. Qf5 Rc6 29. Rg1 Qe8 30. Bxd5 Rc5 31. Qe6 Rb5 32. c4 Rb6 33. Qh3 e6 34. Bf3 Qd8 35. Qg2 {1-0 Radjabov,T (2751)-Kasimdzhanov,R (2672)/Elista 2008/CBM 128/[Radjabov]}) 17. Rdg1 g3 (17... Qf6 18. fxg4 Bxh6 19. Qxh6 Qg7 20. Qe3 Nf6 21. g5 Nh5 22. Ndb5 Bxb5 23. Nxb5 Red8 24. Qxa7 Nf3 25. Rg2 Qe5 26. Qe3 Ne1 27. Rxe1 Qxb5 28. c3 Qe5 29. a3 b5 30. Ka2 Kg7 31. Rf1 Rc7 32. Qf3 Ra8 33. Rh1 Rh8 34. Rd1 Rd8 35. Rh1 Rh8 36. Rd1 Rd8 37. Rh1 {½-½ Dominguez Perez,L (2719)-Smerdon,D (2525)/Khanty Mansiysk 2009/EXT 2010}) 18. Rxh5 gxh5 19. Rxg3 Ng6 20. Nf5 Bf6 (20... h4) 21. Nxd6 {1-0 Vachier Lagrave,M (2703)-Kasimdzhanov,R (2672)/San Sebastian 2009/CBM 132/[Stohl] (46)}) 9... d5 10. Kb1 {Ein pfiffiger Wartezug mit einer versteckten taktischen Pointe.} ({Nach} 10. exd5 Nxd5 11. Nxc6 bxc6 12. Bd4 {hatte Schwarz zuletzt nach} Nxc3 ({Carlsen und Radjabov spielen gerne} 12... Bxd4 13. Qxd4 Qb6 14. Na4 (14. Bc4 Qxd4 (14... Ne3 $5) 15. Rxd4 Nxc3 16. bxc3 {1-0 Ivanchuk,V (2746)-Carlsen,M (2770)/Leon 2009/CBM 130 Extra (63)}) 14... Qc7 15. Bc4 Rd8 16. Bb3 Bf5 17. g4 Nf4 18. Qe3 Be6 {½-½ Ivanchuk,V (2746)-Carlsen,M (2770)/Leon 2009/CBM 130 Extra (51)}) 13. Qxc3 Bh6+ 14. Be3 Bxe3+ 15. Qxe3 Qb6 16. Qxe7 Be6 17. Qa3 Rad8 {nicht allzuviele Sorgen:} 18. Bd3 Rd5 19. Rhe1 Ra5 20. Qc3 Rxa2 21. b3 Ra5 22. Bc4 Bxc4 23. Qxc4 Rc5 24. Qd4 Qb5 25. Kb2 a5 26. Ra1 Rd5 27. Qf4 Rf5 28. Qe4 Rd8 29. Rad1 Rfd5 30. Rxd5 cxd5 31. Qd4 Qb4 32. Rd1 Qd6 33. h4 Qe6 34. g4 a4 35. Qxa4 Qf6+ 36. Qd4 Qxh4 37. b4 {½-½ Alekseev,E (2714)-Caruana,F (2670)/Biel 2009/CBM 132 (52)} (37. Qe5 $142 $16)) ({Eine andere Alternative ist} 10. Qe1 e5 11. Nxc6 bxc6 12. exd5 cxd5 13. Bg5 Be6 14. Bc4 Qc7 15. Bxf6 dxc4 16. Bxg7 Kxg7 17. Nd5 Bxd5 18. Rxd5 Rfe8 19. Qc3 Kg8 {½-½ Leko,P (2741)-Carlsen,M (2765)/Miskolc 2008/CBM 124 Extra (65)}) 10... Nxd4 ({Die Alternativen} 10... Rb8) ({oder} 10... e6 {konnten aus schwarzer Sicht bisher nicht befriedigen.}) 11. e5 {Dieser pfiffige Zwischenzug, seinerzeit von Vadim Milov entdeckt, ist die taktische Rechtfertigung für 10.Kb1} ({Nach} 11. Bxd4 dxe4 12. Nxe4 Nxe4 13. fxe4 Bxd4 14. Qxd4 Bg4 {hätte Weiß weniger als gar nichts.}) 11... Nf5 ({Schlecht ist} 11... Nd7 12. Bxd4 Nxe5 13. Qe3 Nc6 14. Bxg7 Kxg7 15. Nxd5 Qa5 (15... Be6 16. Qc3+ f6 17. Bc4 Qa5 18. b4 $1 Nxb4 19. Rhe1 Bxd5 20. Rxd5 $18 {1-0 Agamaliev,G (2490)-Antonio,V (2107)/Abu Dhabi 2009/CB35_2009 (30)}) 16. b4 Qa4 (16... Nxb4 17. Qc3+ $18) 17. b5 Rb8 18. Ka1 (18. Qb3 Qxb3+ 19. axb3 {1-0 Laznicka,V (2437)-Simacek,P (2442)/Cartak 2003/CBM 097 ext (74)}) 18... Na5 19. Qc3+ f6 20. Rd4 $18) ({oder auch} 11... Nxf3 12. gxf3 Nd7 13. Nxd5 Bxe5 (13... e6 $2 14. Bg5 f6 15. exf6 Nxf6 16. Nxf6+ Bxf6 17. h4 Kf7 18. Bc4 Qb6 19. Bb3 {1-0 Caruana,F (2549)-Hubregtse,S/Vlissingen 2007/CBM 119 ext}) 14. Bh6 $40) 12. exf6 exf6 $5 ({Häufiger sah man bisher die folgende Abwicklung:} 12... Bxf6 13. Nxd5 Qxd5 14. Qxd5 Nxe3 15. Qd2 Nxd1 16. Qxd1 Be6 {mit einer remisträchtigen Position, in der aber nur Weiß auf Gewinn spielen kann.}) 13. Bc5 ({Nach} 13. Nxd5 Nxe3 14. Qxe3 Be6 {hat Schwarz ein spielbare Position mit guten Angriffsaussichten dank des Läuferpaares.}) 13... d4 {Das ist die Pointe. Schwarz opfert (vorübergehend) die Qualität.} (13... Re8 $2 14. Nxd5 $16) 14. Bxf8 Qxf8 15. Nb5 Ne3 {Nun hat Weiß zwei Rückzugsfelder für den angegriffenen Turm zur Auswahl.} 16. Rc1 ({Oder:} 16. Re1 f5 17. f4 (17. Nxd4 f4 $11 {½-½ Akshayraj,K (2400)-Ganguly,S (2603)/Mangalore 2008/CB01_2009 (25)}) 17... Qc5 18. c3 Nxf1 19. Re8+ Bf8 20. Qxd4 Qxb5 21. Qd8 Nd2+ 22. Kc2 Qa4+ 23. Kc1 Qxe8 24. Qxe8 Ne4 25. Rd1 Nf6 26. Qe5 Nd7 27. Qe8 Nf6 28. Qd8 Ne4 29. Rd7 Bxd7 30. Qxa8 Bc6 31. Qxa7 Nc5 32. g3 Nd3+ 33. Kb1 Be4 34. Ka1 Bc5 35. Qb8+ Kg7 36. Qd8 Bg1 37. h4 h5 38. a4 Bf2 39. a5 Bxg3 40. Qd4+ {½-½ Nisipeanu,L (2675)-Radjabov,T (2756)/Bazna 2009/Mega2009 Update 25}) 16... Bh6 ({Der ältere Zug ist} 16... f5 {und nun} 17. Nxd4 f4 18. c3 {vielleicht einfacher als} (18. g3 Qc5 19. Nb3 Qb6 20. gxf4 Bf5 21. Bd3 Rd8 22. Qa5 Qf6 23. Qe5 Qb6 24. Qb5 Qf6 25. Nc5 b6 26. Ne4 $16 {½-½ Barnett,J-Dahlstroem,R/ICCF email 2004/Corr 2006 (61)}) 18... Qd6 19. Bd3 Bxd4 20. cxd4 Be6 ({zu prüfen wäre noch} 20... Qxd4 $5 21. Qc3 Qd5 $5 (21... Qxc3 22. Rxc3 Nxg2 23. Rc7 $16)) 21. Be4 $16 {1-0 Smeets,J (2632)-Jones,G (2554)/London 2009/CB34_2009 (41)}) 17. Qxd4 Nf5 18. Qc3 ({In der Stammpartie von 16...Lh6 geschah:} 18. Qf2 $6 Be3 19. Qe1 Bxc1 20. Qxc1 Qc5 21. Nc3 Be6 22. Bd3 Rd8 23. g4 Nd4 $36 {0-1 Thomsen,J (2234)-Moreira,J (2286)/ICCF email 2007/Corr 2008 (67)}) ({Nach} 18. Qxf6 {folgt} Be6 $1 {mit komplizierter Stellung, die Schwarz aber einige Kompemnsation für die Qualität bietet. Zur Illustration eine effektvolle Computervariante:} (18... Bg7 19. Qg5 Bh6 {führt zum Remis durch Stellungswiederholung.}) 19. Re1 (19. Rd1 Ne3 20. Bd3 Nxd1 21. Rxd1 Bg7 22. Qh4 Rd8 23. a3 a6 24. Nc7 Bf5 $15) 19... Bg7 20. Qg5 Bxb2 $1 21. Rxe6 (21. Kxb2 Qb4+ $19) 21... Qb4 $1 22. Re4 $8 Bd4+ 23. Kc1 Qb2+ 24. Kd1 Bf6 25. Qc1 Rd8+ 26. Nd4 (26. Bd3 Qxb5 $17) 26... Rxd4+ (26... Qxa2 27. c3 Nxd4 28. cxd4 Bxd4 29. Qd2 Qb3+ 30. Ke2 Qb5+ 31. Qd3 Qb2+ 32. Qd2 $11) 27. Bd3 (27. Rxd4 Qxd4+ 28. Bd3 Ne3+ 29. Ke2 Nxg2 30. Be4 Be5 31. Qd2 Nf4+ 32. Kd1 Qa1+ 33. Qc1 Qxa2 $19) 27... Rxd3+ ({Die Alternative ist} 27... Qxa2 28. Rxd4 Nxd4 29. Re1 Kg7 {mit einer leicht besseren Position, die für Schwarz vielleicht einfacher zu spielen ist.}) 28. cxd3 Qxg2 29. Rhe1 Qxf3+ 30. R1e2 Qxd3+ 31. Qd2 Qb1+ 32. Qc1 Qb6 $15 {mit einer komplizierten und materiell ungleichem Position, in der die schwarzen Chancen angesichts des frei stehenden weißen Königs vielleicht besser sind.}) 18... Bxc1 19. Kxc1 $11 {Schwarz hat mit Leichtigkeit ausgeglichen.} Bd7 20. Bd3 {Kurz zuvor, bei der Mannschaftseuropameisterschaft, endete an dieser Stelle die Partie Smeets-Radjabov mit Remis. Carlsen spielt weiter.} Rc8 $146 21. Qd2 ({Auf} 21. Qxf6 {käme} Qh6+ 22. Kb1 Bxb5 23. Bxb5 Qd2 24. Rc1 Ne3 $15) 21... Bxb5 22. Bxb5 Qc5 23. Bd3 Ne3 {Die Initiative ist hier schon etwas an Schwarz über gegangen.} 24. Re1 Re8 25. Qf2 {Mit der Idee 26.Le4} f5 26. f4 Qd4 27. g3 Re6 {mit einer kleinen Drohung.} 28. Qd2 ({Auf z.B.:} 28. a3 $2 {käme nämlich} Nc4 $1 {und} 29. Qxd4 Rxe1#) 28... Ng4 29. h3 (29. Rxe6 fxe6 {würde die schwarze Bauernstellung reparieren.}) 29... Rxe1+ 30. Qxe1 Nf2 31. Bf1 Ne4 32. Bg2 b6 33. c3 (33. Bxe4 fxe4 {mit einem schwarzen Freibauern war natürlich keine Option.}) 33... Qd3 34. g4 Ng3 {droht Matt bzw. Damengewinn nach Se2} 35. b3 Ne2+ (35... Kf8 $5) (35... h5 $5) 36. Kb2 Kf8 ({Vermeidet} 36... Nxf4 37. Qe8+ Kg7 38. Qe5+ Kg8 39. Qe8+ {mit Remis durch Dauerschach.} (39. Qxf4 Qe2+ 40. Ka3 Qxg2 41. Qb8+ Kg7 42. Qe5+)) 37. Bc6 fxg4 38. hxg4 h5 $1 {Schwarz bildet einen Freibauern und nimmt dafür eine Verschlechterung seines Königsschutzes in Kauf.} ({Natürlich nicht} 38... Nxf4 $2 39. Qe8+ Kg7 40. Qe5+ Kg8 41. Qxf4 $18) 39. gxh5 gxh5 40. a4 a6 41. f5 $1 h4 42. Bg2 Ng3 (42... h3 $2 43. Bxh3 Qxh3 44. Qxe2 Qxf5 45. Qe3 $14) 43. f6 {Das war die Idee. Der f-Bauer schnürt den schwarzen König ein und bietet der weißen Dame ggf. ein paar schöne Stützpunkte.} Qd6 ({Zu berechnen war hier der mögliche Übergang ins Leichtfigurenendspiel, der Schwarz aber nichts einbringt:} 43... Qe2+ 44. Qxe2 Nxe2 45. Bf1 Ng3 46. Bxa6 h3 47. Bb7 Ke8 (47... h2 48. b4 h1=Q $2 (48... Ke8) 49. Bxh1 Nxh1 50. a5 bxa5 51. bxa5 $18 {Und der Bauer läuft durch.}) 48. b4 Kd7 49. a5 bxa5 50. bxa5 h2 51. a6 Kc7 52. c4 h1=Q 53. Bxh1 Nxh1 54. c5 Nf2 55. Kc3 Ne4+ 56. Kd4 Nxf6 57. Ke5 Ng4+ 58. Kf5 Nh6+ 59. Kf6 Kc6 60. a7 Kb7 61. c6+ Kxa7 62. Ke7 Kb6 63. Kd7 Ng4 64. c7 Ne5+ 65. Kd8 Nc6+ 66. Ke8 Kxc7 67. Kxf7 $11) 44. Qf2 Kg8 45. b4 a5 ({Der direkte Weg nach vorne führt nicht zum Erfolg:} 45... Kh7 46. Be4+ (46. Bb7 $5 a5 47. b5 Kg6 48. Bc6 $11 {mit der Idee:} Qxf6 49. Qxb6) 46... Nxe4 (46... Kh6 47. Bc2 Kg5 48. Qe3+ Qf4 49. Qxb6 h3 50. Qg1 Kh4 51. Qh2 Nh5 52. Qxf4+ Nxf4 53. Be4 Ne6 (53... Nh5 $2 54. b5)) 47. Qxh4+ Kg6 48. Qxe4+ Kxf6 49. Qe2 $11) 46. bxa5 (46. b5 $5 Kh7 47. Be4+ Kh6 48. Qe3+ Kh5 49. Bf3+ Kg6 50. Bc6 $11) 46... bxa5 47. Kc2 Kh7 48. c4 (48. Be4+ Kh6 (48... Nxe4 $2 49. Qxh4+ Kg8 50. Qg4+ $1 $18) 49. Bd3 Kg5 {Und der f-Bauer fällt.}) 48... Qa3 (48... Kh6 49. c5 Qe6 50. Kb2 Qe5+ $11 (50... Kg5 51. Qd2+ Kxf6 52. Qh6+ Ke5 53. Qxh4)) 49. Be4+ Kg8 $1 (49... Nxe4 50. Qxh4+ Kg6 (50... Kg8 51. Qg4+ Ng5 (51... Kh7 52. Qg7#) (51... Kf8 52. Qc8#) 52. Qxg5+ Kf8 53. Qg7+ $18) 51. Qxe4+ Kxf6 52. Qd4+ Kf5 53. c5 Qa2+ $11) 50. Qf4 Qxa4+ 51. Kd2 Nxe4+ 52. Qxe4 Qa2+ 53. Kc3 (53. Ke3 {ändert nichts:} Qb3+ 54. Kf2 Qb6+ 55. Kg2 Qxf6 56. Qa8+ Kh7 57. Qxa5 {und auch hier muss Weiß ums Remis kämpfen.}) 53... Qa1+ 54. Kb3 Qd1+ $2 ({Folgerichtiger scheint} 54... Qxf6 {mit weiterhin schwer zu bewertender Situation:} 55. c5 (55. Qg4+ Kh7 56. Qh5+ Kg7 57. Qg4+ ({Nach} 57. Qxa5 h3 58. Qc7 Qf2 59. Qe5+ Kg6 60. c5 h2 $19 {gewinnt Schwarz.}) 57... Kh6 58. c5 Qf2 59. c6 Qb6+ 60. Ka3 Qxc6 61. Qxh4+ Kg6 {und mit zwei Bauern im Damenendspiel sollte Schwarz gewinnen.}) 55... Qg5 (55... Qf2 56. c6 Qg3+ 57. Kc4 h3 58. Qd3 Qg4+ 59. Qd4 Qe2+ 60. Kc5 (60. Qd3 $2 Qe6+ 61. Kb5 Qe5+ 62. Kb6 h2 63. Qf3 Qb8+ 64. Kxa5 f5 $19 {Weiß ist in einer Art Zugzwangstellung.}) 60... h2 61. c7 Qe7+ 62. Qd6 Qg5+ 63. Kb6 Qg1+ 64. Ka6 h1=Q 65. c8=Q+ Kh7 66. Qf5+ Qg6 67. Qfxg6+ fxg6 68. Kxa5 $11 {ist theoretisch Remis (Tablebases)}) 56. c6 h3 57. Qc4 (57. c7 Qg3+ 58. Ka2 Qxc7 59. Qg4+ Kf8 60. Qxh3 $19) 57... Qg3+ 58. Ka2 Qc7 59. Qg4+ Kf8 60. Qxh3 Qxc6 $19) 55. Kb2 Qh5 56. c5 h3 {Die schwarze Idee war es wohl, den h-Bauern nach vorne zu treiben. Nur: der weiße c-Bauer ist ungebremst noch stärker, da er mit Matt umwandelt.} 57. c6 a4 $1 {Schwarz zieht die Reißleine. Mit dem Stützpunkt auf b3 ist das Dauerschach gesichert.} (57... h2 58. c7 h1=Q 59. c8=Q#) 58. Ka2 Qd1 59. Qe8+ Kh7 60. Qxf7+ Kh6 61. c7 Qc2+ 62. Ka3 h2 63. Qg7+ Kh5 64. Qh8+ Kg6 65. Qg8+ Kxf6 66. c8=Q Qxc8 67. Qxc8 h1=Q 68. Qa6+ Ke5 69. Qb5+ Qd5 70. Kxa4 Qxb5+ 71. Kxb5 {Und diese Position ist für jeden ersichtlich nun wirklich remis. Short und Carlsen boten den Zuschauern in London bis zum Schluss einen spannenden Kampf mit Gewinnchancen für beide Seiten.} 1/2-1/2

[Event "Corus"]
[Site "Wijk aan Zee"]
[Date "2010.01.16"]
[Round "1"]
[White "Tiviakov, Sergei"]
[Black "Carlsen, Magnus"]
[Result "1/2-1/2"]
[WhiteElo "2662"]
[BlackElo "2810"]
[PlyCount "54"]
[EventDate "2010.01.16"]
[EventType "tourn"]
[EventRounds "13"]
[EventCountry "NED"]
[EventCategory "19"]
[SourceTitle "CBM 135"]
[Source "ChessBase"]
[SourceDate "2010.03.17"]
[SourceVersion "1"]
[SourceVersionDate "2010.03.17"]
[SourceQuality "1"]

1. e4 e5 2. Nf3 Nc6 3. Bb5 a6 4. Ba4 Nf6 5. Qe2 Bd6 6. c3 O-O 7. d3 ({RR} 7. O-O Re8 8. Bb3 h6 9. d3 Bf8 10. Rd1 d5 11. Nbd2 Be6 12. Nf1 Qd7 13. Ng3 Rad8 14. d4 exd4 15. e5 d3 16. Qxd3 Ne4 17. Bc2 f5 18. exf6 Nxf6 19. Bf4 Bd6 20. Bxd6 Qxd6 21. Re1 Re7 {Sudarshan,B (2103)-Omelja,A (2397) Sant Ferran de ses Roques ESP 2025 ½-½ (31)}) 7... Re8 8. Bg5 ({RR} 8. h3 Bf8 9. Nbd2 d5 10. Nf1 b5 11. Bc2 d4 12. a3 a5 13. g4 Rb8 14. Ng3 dxc3 15. bxc3 b4 16. axb4 axb4 17. Ba4 Ra8 18. Bb2 Bb7 19. O-O Nd7 20. cxb4 Bxb4 21. Rfc1 Ra6 22. Nf5 Bd6 {Tiviakov,S (2608)-Godena,M (2485) Mondariz 2000 0-1 (35)}) 8... b5 9. Bb3 $146 ({RR} 9. Bc2 Be7 10. Nbd2 Nh5 11. Be3 g6 12. d4 exd4 13. Nxd4 Nxd4 14. cxd4 d5 15. e5 c5 16. O-O cxd4 17. Bh6 Ra7 18. f4 d3 19. Bxd3 Bc5+ 20. Kh1 Qh4 21. Qe1 Qxe1 22. Raxe1 Bd4 23. b3 Bc3 {Weaving,R (2314)-Stefanova,A (2506) England 2018 ½-½ (56)}) 9... Na5 10. Bc2 c5 11. Nbd2 Nc6 12. Nf1 Be7 13. Ne3 d6 14. O-O Be6 15. Bxf6 Bxf6 16. Bb3 Rb8 17. Rfd1 Qd7 18. Bd5 Bd8 19. a4 bxa4 20. Qc2 Na5 21. Qxa4 Qxa4 22. Rxa4 Rxb2 23. Nd2 Bc7 24. Ndc4 Rb5 25. Bxe6 fxe6 26. Nxd6 Bxd6 27. c4 Rb6 1/2-1/2